000 00553nam a2200229Ia 4500
003 0100
008 130307s9999 xx 000 0 und d
040 _cARRUPELIB
050 _aBS1235.3.H36 1967
245 _aGenesis1:1-11:32
260 _aCollegeville, Minnesota
260 _bThe Liturgical Press
260 _c1967
300 _a88p.
300 _b20cm
440 _aOld Testament Reading Guide no. 9
650 _bExercise
650 _cExercise therapy
650 _dMedicine, Chinese
700 _aHeidt, William G
942 0 0 _01
999 _c102185
_d102185